Asijské pásmo dynamického rozvoje

Ázia - synonymum najvyššieho tempa hospodárskeho rastu na svete. Rozsiahle zahraničné investície plynúce do tejto oblasti, rastúce devízové zásoby, vysoká miera sporivosti, pracovitosť ľudí, pomerne nízke mzdy a iné komparatívne výhody - základ pre pokračovanie dynamického rozvoja aj v budúcnosti. V...

Ausführliche Beschreibung

Gespeichert in:
Bibliographische Detailangaben
1. Verfasser: Hálek, J.
Format: Buchkapitel
Sprache:Tschechisch
Schlagworte:
Tags: Tag hinzufügen
Keine Tags, Fügen Sie das erste Tag hinzu!

MARC

LEADER 00000naa a2200000 4500
001 r019020
005 20221205101410.2
041 0 |a cze 
044 |a CZ 
245 1 0 |a Asijské pásmo dynamického rozvoje  |c J. Hálek 
520 |a Ázia - synonymum najvyššieho tempa hospodárskeho rastu na svete. Rozsiahle zahraničné investície plynúce do tejto oblasti, rastúce devízové zásoby, vysoká miera sporivosti, pracovitosť ľudí, pomerne nízke mzdy a iné komparatívne výhody - základ pre pokračovanie dynamického rozvoja aj v budúcnosti. Vzťah Japonska a ázijských krajín. Vývoz výrobkov smeruje prevažne do USA. Hospodárska politika novoindustrializovaných krajín, výmenné kurzy. 
610 2 0 |a rast hospodársky 
610 2 0 |a investície zahraničné 
610 2 0 |a devízy 
610 2 0 |a NIK 
610 2 0 |a Ázia 
610 2 0 |a USA 
610 2 0 |a Japonsko 
610 2 0 |a vývoz 
610 2 0 |a politika hospodárska 
610 2 0 |a kurz výmenný 
100 1 |a Hálek, J.